• 首页
  • 本馆介绍
  • 公告通知
  • 最新文献
  • 馆藏检索
  • 电子资源
  • 读者导购
  • 参考咨询
  • 我的图书馆
  • 登录
  • 详细信息显示
  • 放入我的书架
  • 预约/预借图书
  • 作者相关作品
  • 分类相关作品
  • 丛书相关作品
  • 出版社相关作品

书目信息

  • 表格格式
  • 工作单格式
  • 卡片格式
题名:
室内植物装饰
    
 
作者: 张光宁 , 顾永华 , 汪毅 编著
分册:  
出版信息: 南京   江苏科学技术出版社  2004
页数: 164页
开本: 21cm
丛书名:
单 册:
中图分类: J525.1
科图分类:
主题词: 园林植物--室内装饰--装饰美术 , 装饰美术 , 室内装饰
电子资源:
ISBN: 7-5345-4184-0
000 00912nam0 2200289 45
001 060000025952
005 20051213151554.23
010    @a7-5345-4184-0@dCNY22.00
092    @aCN
100    @a20050413d2004 ekmy0chiy0120 ea
101 0  @achi
102    @aCN@b320000
105    @aa z 000yy
200 1  @a室内植物装饰@9shi nei zhi wu zhuang shi@f张光宁,顾永华,汪毅编著@Fzhang guang ning,gu yong hua,wang yi bian zhu
210    @a南京@c江苏科学技术出版社@d2004
215    @a164页@c图@d21cm
330    @a本书内容包括:在装饰之前,妙用植物来设计,拥有绿色健康的家,呵护自己的植物。
606 0  @a园林植物@x室内装饰@x装饰美术
606 0  @a装饰美术
606 0  @a室内装饰
690    @aJ525.1@v4
701  0 @a张光宁@Azhang guang ning@4编著
701  0 @a顾永华@Agu yong hua@4编著
701  0 @a汪毅@Awang yi@4编著
801  0 @aCN@bCXYBOOK@c20051213
905    @a10447@dJ525.1@e133
999    @aAFJ@eDF
    
    室内植物装饰/张光宁,顾永华,汪毅编著.-南京:江苏科学技术出版社,2004
    164页:图;21cm
    
    
    ISBN 7-5345-4184-0:CNY22.00
    本书内容包括:在装饰之前,妙用植物来设计,拥有绿色健康的家,呵护自己的植物。
●
相关链接 在E读中查询图书 在五车中查询图书 在当当中查询图书 在豆瓣中查询图书


正题名:室内植物装饰     索取号:J525.1/133         预约/预借

序号 登录号 条形码 馆藏地/架位号 状态 备注
1 0371345   203713455   第一样本阅览室/ [索取号:J525.1/133] 在馆    
2 0371346   203713464   第一借阅区/ [索取号:J525.1/133] 在馆    
3 0371347   203713473   第一借阅区/ [索取号:J525.1/133] 在馆    
4 0371348   203713482   第一借阅区/ [索取号:J525.1/133] 在馆    
5 0371349   203713491   第一借阅区/ [索取号:J525.1/133] 在馆    
唐山师范学院图书馆 欢迎您!
大连网信软件有限公司© 版权所有